000 00325nam a2200145Ia 4500
008 230718s9999 xx 000 0 und d
041 _aEng.
082 _a823
_bSHO-C
100 _aShorts, Edwin
245 0 _aCivil liberties
260 _aPakistan
_bSweet & Maxwell
_c1988
300 _a665
650 _aLaw
999 _c26859
_d26859